La reforma fiscal de los ayuntamientos novohispanos (1765-1812) (Record no. 26619)

MARC details
000 -LEADER
fixed length control field 00896nam a2200205 4500
005 - DATE AND TIME OF LATEST TRANSACTION
control field 20250821093238.0
008 - FIXED-LENGTH DATA ELEMENTS--GENERAL INFORMATION
fixed length control field 250514b sp ||||| |||| 00| 0 spa d
020 ## - INTERNATIONAL STANDARD BOOK NUMBER
International Standard Book Number 9788491230106
050 04 - LIBRARY OF CONGRESS CALL NUMBER
Classification number HJ9354
Item number S55 2015
100 1# - MAIN ENTRY--PERSONAL NAME
Personal name Silva Riquer, Jorge
245 13 - TITLE STATEMENT
Title La reforma fiscal de los ayuntamientos novohispanos (1765-1812)
Statement of responsibility, etc / Jorge Silva Riquer.
250 ## - EDITION STATEMENT
Edition statement 1a ed.
260 ## - PUBLICATION, DISTRIBUTION, ETC. (IMPRINT)
Place of publication, distribution, etc Madrid, España :
Name of publisher, distributor, etc Marcial Pons :
-- Ediciones Jurídicas y Sociales :
-- Universidad de Alacalá, Instituto Universitario de Investigación en Estudios Latinoamericanos ;
Place of publication, distribution, etc México :
Name of publisher, distributor, etc Universidad Michoacana de San Nicolás de Hidalgo,
Date of publication, distribution, etc 2015.
300 ## - PHYSICAL DESCRIPTION
Extent 189 p. ;
Dimensions 24 cm.
504 ## - BIBLIOGRAPHY, ETC. NOTE
Bibliography, etc Bibliografía : p. 179-189.
650 #7 - SUBJECT ADDED ENTRY--TOPICAL TERM
Source of heading or term lemb
Topical term or geographic name as entry element Finanzas municipales
General subdivision Historia
Geographic subdivision México
650 #4 - SUBJECT ADDED ENTRY--TOPICAL TERM
Topical term or geographic name as entry element Ciudades coloniales
General subdivision Finanzas
Geographic subdivision México
651 #7 - SUBJECT ADDED ENTRY--GEOGRAPHIC NAME
Source of heading or term lemb
Geographic name España
General subdivision Colonias
-- Finanzas
Geographic subdivision América
942 ## - ADDED ENTRY ELEMENTS (KOHA)
Source of classification or shelving scheme Biblioteca del Cogreso de los Estados Unidos
Koha item type Libro
Holdings
Estado de pérdida Fuente de clasificación Estado del daño No para préstamo Ubicación permanente Ubicación actual Apartado o colección Fecha de adquisición Fuente de adquisición Edición Área del conocimiento Total Checkouts Clasificación Código de Barras Date last seen Número de copia Costo por reposición Tipo de recurso Dependencia de educación superior (DES)
  Biblioteca del Cogreso de los Estados Unidos   Uso interno Biblioteca Biblioteca de la Facultad de Economía Biblioteca de la Facultad de Economía General 21/08/2025 Donación 1a ed. Ciencias Sociales y Administrativas   HJ9354 S55 2015 BFE000016334 21/08/2025 1 1.00 Libro Ciencias Económico Administrativas
  Biblioteca del Cogreso de los Estados Unidos     Biblioteca del Instituto de Investigaciones Económicas y Empresariales Biblioteca del Instituto de Investigaciones Económicas y Empresariales General 14/05/2025 Donación 1a ed. Ciencias Sociales y Administrativas   HJ9354 S55 2015 IIE000007023 14/05/2025 1 1.00 Libro